000 00817nam a2200229Ia 4500
005 20241129111346.0
008 241129s9999||||xx |||||||||||||| ||und||
020 _a978-81-965022-0-1
037 _aTB
040 _aCRL
_bhin
_cCRL
041 _ahin
_2hin
084 _aQ1:3 152R3
_qCRL
100 _aशुक्ल, सन्तोष कुमार, ले.
_9159953
245 0 _aवैदिक सृष्टि प्रक्रिया
_cशुक्ल, सन्तोष कुमार, ले.
260 _aदिल्ली, भारत
_bविद्यानिधि प्रकाशन
_c2023
300 _a270पृ0
365 _aINR
_b950
546 _aTranslated from Sanskrit to Hindi
650 _aReligion
942 _cTB
_hQ1:3 152R3
999 _c1230095
_d1230095